000
00367nam a22001337a 4500
082
_a
346.04
100
_a
Malik, M.A.
245
_a
The Land Acquisition Act, (I of 1894) /
_c
M.A. Malik
260
_a
Lahore :
_b
P.L.D. Publishers,
_c
2019.
300
_a
97 p. ;
_c
24 cm.
942
_2
ddc
_c
BK
999
_c
587158
_d
587158